| 000 | 02463cam a22006614i 4500 | ||
|---|---|---|---|
| 003 | PE-LiUPU | ||
| 005 | 20250731170401.0 | ||
| 008 | 150617s1985 pe a rb 001 0 spa d | ||
| 035 | _a(Sirsi) a12047 | ||
| 040 |
_aPE-LiUPU _bspa _cPE-LiUPU _erda |
||
| 049 | _aPRUA | ||
| 082 | 0 | 4 |
_a025.52 _bA37 _220 |
| 100 | 1 |
_aAlcalde Cardoza, Xavier, _d1946-, _eautor. |
|
| 245 | 1 | 0 |
_aProcesamiento técnico y servicios de documentación e información educacional / _cJavier Alcalde C., Rosa Vargas M. |
| 250 | _aPrimera edición. | ||
| 264 | 1 |
_aLima : _bMinistero de Educación, _c1985. |
|
| 300 |
_a160 páginas : _bilustraciones ; _c20 centímetros. |
||
| 336 |
_atext _2rdacontent |
||
| 337 |
_aunmediated _2rdamedia |
||
| 338 |
_avolume _2rdacarrier |
||
| 490 | 0 |
_aManual de documentación e información educacional ; _v4 |
|
| 504 | _aBibliografía: páginas [139]-150. | ||
| 504 | _aÍndice: páginas [158]-160. | ||
| 505 | 0 | _aMecánica general del procesamiento -- Identificación general del material documentario -- Registro tratamiento técnico -- Análisis de contenido e indización -- Descripción bibliografica -- Los catálogos convencionales -- Alternativa a los catalogos convencionales -- Servivcios convencionales -- Servicios Avanzados. | |
| 526 | _aSEG68 | ||
| 526 | _aSEG70 | ||
| 526 | _aSEG69 | ||
| 526 | _aSEG67 | ||
| 526 | _aSEG43 | ||
| 526 | _aP144 | ||
| 526 | _aP143 | ||
| 526 | _aP131 | ||
| 526 | _aP122 | ||
| 526 | _aP120 | ||
| 526 | _aP117 | ||
| 526 | _aP112 | ||
| 526 | _aP110 | ||
| 526 | _aP106 | ||
| 526 | _aP101 | ||
| 526 | _aP80 | ||
| 526 | _aP59 | ||
| 526 | _aP54 | ||
| 526 | _aP35 | ||
| 526 | _aP33 | ||
| 526 | _aP30 | ||
| 650 | 0 | 4 | _aPerú. Sistema Nacional de Información Educacional. |
| 650 | 0 | 4 | _aProcesamiento de la información. |
| 650 | 0 | 4 | _aProcesos técnicos (Bibliotecas). |
| 700 | 1 |
_aVargas M., Rosa, _eautor. |
|
| 910 |
_ajck _bjvq _cjck _d20150616 |
||
| 910 |
_adbm _bsag _csag _d20190423 |
||
| 942 |
_2ddc _cBOOK |
||
| 949 |
_a025.52 A35 _wDEWEY _c1 _i30566 _lCCODEBUL1 _mBUL _p00.00 _r0 _sY _tBOOK _u19900517 _xBIBLIOTECA _zUNKNOWN _0COMPRA _o.STAFF. Colección general |
||
| 994 |
_aC0 _bPEPRU |
||
| 596 | _a1 | ||
| 999 |
_a125.52 A35 _wDEWEY _c2262 _i30566 _f2021-11-4 _g5 _lCCODEBUL1 _mBUL _p8.00 _r0 _sY _tBOOK _u2015-6-17 _xBIBLIOTECA _zUNKNOWN _0COMPRA _o.STAFF. Colección general _d2262 |
||
| 980 |
_81 _gALBERTO SANCHEZ Responsable de Automatización |
||